<?xml version="1.0" encoding="UTF-8"?>
<record
    xmlns:xsi="http://www.w3.org/2001/XMLSchema-instance"
    xsi:schemaLocation="http://www.loc.gov/MARC21/slim http://www.loc.gov/standards/marcxml/schema/MARC21slim.xsd"
    xmlns="http://www.loc.gov/MARC21/slim">

  <leader>01915nam a2200337 i 4500</leader>
  <controlfield tag="001">12912</controlfield>
  <controlfield tag="003">ES-MaACL</controlfield>
  <controlfield tag="005">20230906150433.0</controlfield>
  <controlfield tag="007">t|</controlfield>
  <controlfield tag="008">971013m19972002sp           ||||1| spa d</controlfield>
  <datafield tag="020" ind1=" " ind2=" ">
    <subfield code="a">84-233-2691-8</subfield>
  </datafield>
  <datafield tag="080" ind1=" " ind2=" ">
    <subfield code="a">29".../04"(038)</subfield>
  </datafield>
  <datafield tag="080" ind1=" " ind2=" ">
    <subfield code="a">291".../04"(038)</subfield>
  </datafield>
  <datafield tag="245" ind1="0" ind2="0">
    <subfield code="a">Diccionario de las mitolog&#xED;as y de las religiones de las sociedades tradicionales y del mundo antiguo / </subfield>
    <subfield code="c">bajo la direcci&#xF3;n de Yves Bonnefoy.</subfield>
  </datafield>
  <datafield tag="250" ind1=" " ind2=" ">
    <subfield code="a">2&#xAA; ed.</subfield>
  </datafield>
  <datafield tag="260" ind1=" " ind2=" ">
    <subfield code="a">Barcelona : </subfield>
    <subfield code="b">Destino, </subfield>
    <subfield code="c">1997-2002.</subfield>
  </datafield>
  <datafield tag="300" ind1=" " ind2=" ">
    <subfield code="a">6 v. : </subfield>
    <subfield code="b">il. ; </subfield>
    <subfield code="c">24 cm.</subfield>
  </datafield>
  <datafield tag="490" ind1="1" ind2=" ">
    <subfield code="a">Ensayos/Destino ; </subfield>
    <subfield code="v">30-31, 37</subfield>
  </datafield>
  <datafield tag="490" ind1="1" ind2=" ">
    <subfield code="a">Referencias/Destino ; </subfield>
    <subfield code="v">41, 46</subfield>
  </datafield>
  <datafield tag="500" ind1=" " ind2=" ">
    <subfield code="a">Indices.</subfield>
  </datafield>
  <datafield tag="505" ind1="8" ind2=" ">
    <subfield code="a">v. 1. Desde la prehistoria hasta la civilizaci&#xF3;n egipcia / edici&#xF3;n a cargo de Llu&#xED;s Duch y Jaume P&#xF2;rtulas ; traducci&#xF3;n de Cristina Serna v. 2. Grecia / edici&#xF3;n a cargo de Jaume P&#xF2;rtulas y Maite Solana ; traducci&#xF3;n de Maite Solana v. 3. De la Roma arcaica a los sincretismos tard&#xED;os / edici&#xF3;n a cargo de Jaume P&#xF2;rtulas y Llu&#xED;s Duch ; traducci&#xF3;n de Maite Solana v. 4. Las mitolog&#xED;as de Europa: los indoeuropeos y los "otros". El chamanismo asi&#xE1;tico / edici&#xF3;n a cargo de Victoria Cirlot, Jaume P&#xF2;rtulas y Maite Solana v. 5. Las mitolog&#xED;as de Asia / edici&#xF3;n a cargo de Raimon Panikkar y Jaume P&#xF2;rtulas ; traducci&#xF3;n de Jos&#xE9; Manuel &#xC1;lvarez Fl&#xF3;rez, Cristina Serna y Maite Solana v. 6. Las mitolog&#xED;as de &#xC1;frica, Am&#xE9;rica y Ocean&#xED;a / edici&#xF3;n a cargo de Jaume P&#xF2;rtulas y Maite Solana</subfield>
  </datafield>
  <datafield tag="650" ind1="1" ind2="4">
    <subfield code="a">Mitolog&#xED;a-</subfield>
    <subfield code="v">Diccionarios.</subfield>
    <subfield code="9">15093</subfield>
  </datafield>
  <datafield tag="650" ind1=" " ind2="4">
    <subfield code="a">Religiones-</subfield>
    <subfield code="y">Hasta S.V-</subfield>
    <subfield code="v">Diccionarios.</subfield>
    <subfield code="9">148993</subfield>
  </datafield>
  <datafield tag="700" ind1="1" ind2=" ">
    <subfield code="a">Bonnefoy, Yves.</subfield>
    <subfield code="9">30246</subfield>
  </datafield>
  <datafield tag="700" ind1="1" ind2=" ">
    <subfield code="a">P&#xF2;rtulas, Jaume.</subfield>
    <subfield code="9">93297</subfield>
  </datafield>
  <datafield tag="700" ind1="1" ind2=" ">
    <subfield code="a">Duch, Llu&#xED;s.</subfield>
    <subfield code="9">45812</subfield>
  </datafield>
  <datafield tag="830" ind1="0" ind2=" ">
    <subfield code="a">Ensayos/Destino ; </subfield>
    <subfield code="v">30-31, 37</subfield>
    <subfield code="9">179023</subfield>
  </datafield>
  <datafield tag="830" ind1="0" ind2=" ">
    <subfield code="a">Referencias/Destino ; </subfield>
    <subfield code="v">41, 46</subfield>
    <subfield code="9">228353</subfield>
  </datafield>
  <datafield tag="852" ind1=" " ind2=" ">
    <subfield code="a">ES-MaACL</subfield>
    <subfield code="j">L-29739-44 </subfield>
    <subfield code="b">R.126167</subfield>
  </datafield>
  <datafield tag="999" ind1=" " ind2=" ">
    <subfield code="c">12912</subfield>
    <subfield code="d">12912</subfield>
  </datafield>
  <datafield tag="952" ind1=" " ind2=" ">
    <subfield code="0">0</subfield>
    <subfield code="1">0</subfield>
    <subfield code="4">0</subfield>
    <subfield code="7">0</subfield>
    <subfield code="8">Colecci&#xF3;n_de_referencia </subfield>
    <subfield code="a">ATENEOM</subfield>
    <subfield code="b">ATENEOM</subfield>
    <subfield code="c">DEPO2</subfield>
    <subfield code="d">2008-01-17</subfield>
    <subfield code="e">SC</subfield>
    <subfield code="l">0</subfield>
    <subfield code="o">L-29739-44</subfield>
    <subfield code="p">1013151</subfield>
    <subfield code="r">2023-02-23 00:00:00</subfield>
    <subfield code="w">2023-02-23</subfield>
    <subfield code="y">MONOGRAFIA</subfield>
  </datafield>
</record>
